| 000 | 00978nam a2200241Ia 4500 | ||
|---|---|---|---|
| 003 | OSt | ||
| 005 | 20200804140625.0 | ||
| 008 | 191128s2008 ck ao gr 000 0 spa d | ||
| 020 | _a9789588245621 | ||
| 040 |
_aCO-JMCR _cCO-JMCR |
||
| 041 | 0 | _aspa | |
| 082 | 0 | 4 |
_a364.168 / _bD651m _223 |
| 100 | 1 |
_aDonadio, Alberto, _eautor _9118 |
|
| 245 | 1 | 3 |
_aEl montaje : _bDiez años de una persecución / _cAlberto Donadio |
| 250 | _aPrinera edición | ||
| 260 |
_aMedellín : _bHombre nuevo editores, _c2008. |
||
| 300 |
_a106 páginas : _b fotografías a color ; _c22 cm. |
||
| 505 | 0 | _aEl aviso de la verdad -- La acusación -- La Dian recuperó los impuestos -- ¿Por qué me mintieron? -- La ligereza de la Dian -- La violación d ela soberanía financiera de Ecuador -- Carlos Cuevas -- Mecánicamente, cobardemente | |
| 650 | 2 | 4 |
_aCorrupción administrativa _98354 |
| 650 | 2 | 4 |
_aDelitos contra la economía _98355 |
| 650 | 2 | 4 |
_aSoberanía financiera _98356 |
| 942 |
_2ddc _cBK |
||
| 999 |
_c5970 _d5970 |
||